000 00462nam a2200193Ia 4500
008 101110s9999 xx 000 0 und d
041 _aMARATHI
082 _bJR2157
100 _aJoshi, Sharangpani, Gosavi
245 _aVanijya Sanghatan Std.XI
365 _b21
520 _aCommerce
546 _aMARATHI
630 _aVanijya Sanghatan Std.XI
650 _aCommerce
655 _aCommerce
730 _aVanijya Sanghatan Std.XI
942 _cBOOK
999 _c794043
_d794040